000 00517nam a2200181Ia 4500
999 _c3478
_d3478
003 OSt
005 20200825111956.0
008 190216s9999||||xx |||||||||||||| ||und||
020 _a9788176258746
040 _coclc
082 _a543.5
_bHAM/I
100 _aHammer, Fmiza
_94145
245 0 _aInorganic Spectroscopy And Related Topics /
_cFmiza Hammer
260 _bSarup & Sons,
_c2008.
_aNew Delhi:
300 _a226p
650 _aChemistry
942 _cBK
_2ddc
_h543.5
_iHAM/I
_k543.5
_mHAM/I